[Event "Chess.com Classic Div 3 L"]
[Site "chess.com INT"]
[Date "2024.05.11"]
[Round "3.3"]
[White "Daneshvar, Bardiya"]
[Black "Warmerdam, Max"]
[Result "1-0"]
[WhiteTitle "GM"]
[BlackTitle "GM"]
[WhiteElo "2582"]
[BlackElo "2652"]
[WhiteFideId "12576468"]
[BlackFideId "1048104"]
[EventDate "2024.05.10"]
[EventType "k.o."]

1. Nf3 Nf6 2. g3 g6 3. b3 Bg7 4. Bb2 c5 5. Bg2 d5 6. c4 d4 7. b4 O-O 8. O-O Nfd7
9. bxc5 Nxc5 10. d3 Nba6 11. Nbd2 e5 12. Ba3 Re8 13. Nb3 Na4 14. Qc2 Bd7 15.
Nfd2 Rb8 16. Bd6 b5 17. Bxb8 Qxb8 18. Rfc1 Nb4 19. Qd1 Nc3 20. Qe1 Ncxa2 21. Nc5
Nxc1 22. Nxd7 Qc7 23. Qxc1 Qxd7 24. Qb2 Bf8 25. Ne4 Kg7 26. cxb5 Rc8 27. Qd2 h6
28. Qd1 Nd5 29. Qa4 Rc7 30. Qa6 Be7 31. h4 Nc3 32. Nxc3 dxc3 33. Bc6 Qd4 34. Qa5
Bd6 35. Rc1 Qb4 36. Qa1 Bc5 37. Qxc3 Qxc3 38. Rxc3 Bb6 39. e3 h5 40. Kf1 f5 41.
Ke2 Kf6 42. Rc4 Ke7 43. Kd2 Kd6 44. Be8 Rxc4 45. dxc4 f4 46. Bxg6 fxe3+ 47. fxe3
Kc5 48. Bxh5 Kxc4 49. Be2+ Kd5 50. Kd3 e4+ 51. Kd2 Bc7 52. g4 Bg3 53. h5 Bh4 54.
Bd1 Bg5 55. Be2 Ke5 56. Bc4 Bh6 57. Bf7 Bg5 58. Be8 Bh6 59. Bc6 Bg5 60. Ke2 Bh6
61. Bb7 Bg5 62. Bc8 Bh6 63. Bf5 Bg5 64. Kd2 Bh6 65. Bg6 Bg5 66. Bf7 Bh6 67. Bc4
Bg5 68. Be2 Bh6 69. Kc3 Bg5 70. Kb4 Bxe3 71. Ka5 Kf6 72. Ka6 Kg5 73. Kb7 Bb6 74.
Kc6 e3 75. Kd5 Bc7 76. Ke6 Bb6 77. Kf7 Bc7 78. Kg7 Be5+ 79. Kh7 Bd4 80. Kg8 Bc3
81. Kf7 Bd4 82. Ke6 Bb6 83. Ke5 Bc7+ 84. Kd5 Bb6 85. Kd6 Ba5 86. Ke7 Bb6 87. Kf7
Bd4 88. Bd1 Bc3 89. Kg8 Bd4 90. Kf8 Bc3 91. Ke7 Bd4 92. Kd6 Bb6 93. Kc6 Ba5 94.
Kd7 Bb6 95. Bf3 Ba5 96. Ke6 Bb6 97. Ke5 Ba5 98. Ke4 Bb6 99. Be2 Bc5 100. h6 Bb6
101. h7 1-0

[Event "Chess.com Classic Div 3 L"]
[Site "chess.com INT"]
[Date "2024.05.11"]
[Round "3.3"]
[White "Mamedov, Rauf"]
[Black "Rasulov, Vugar"]
[Result "1-0"]
[WhiteTitle "GM"]
[BlackTitle "GM"]
[WhiteElo "2651"]
[BlackElo "2560"]
[WhiteFideId "13401653"]
[BlackFideId "13402390"]
[EventDate "2024.05.10"]
[EventType "k.o."]

1. Nf3 d5 2. g3 g6 3. Bg2 Bg7 4. O-O e5 5. d3 Ne7 6. e4 O-O 7. exd5 Nxd5 8. Nbd2
Nc6 9. Re1 h6 10. a3 Re8 11. Rb1 a5 12. Ne4 Nd4 13. c4 Nb6 14. Nxd4 exd4 15. Bd2
Nd7 16. b4 axb4 17. axb4 Ra6 18. Qb3 Rae6 19. Rf1 b6 20. Bf4 g5 21. Bc1 Bb7 22.
Nxg5 hxg5 23. Bxb7 c6 24. Qd1 Qc7 25. Ba6 Qd8 26. b5 Nc5 27. Ba3 Nd7 28. Bb7 Ne5
29. Bxc6 Nxc6 30. bxc6 Rxc6 31. Qg4 Rce6 32. Rb5 Re5 33. Rxe5 Rxe5 34. Bc1 b5
35. cxb5 Rxb5 36. Bd2 Bf6 37. h4 Kf8 38. Rc1 Qd5 39. hxg5 Bxg5 40. Bxg5 Qxg5 41.
Rc8+ Ke7 42. Qxd4 Qd5 43. Rc7+ Ke6 44. Qg4+ Kf6 45. Qf4+ Kg7 46. Qg4+ Kf6 47.
Qe4 Qh5 48. Qd4+ Kg6 49. Rc6+ Kh7 50. Qe4+ Kg7 51. Rc1 Re5 52. Qd4 Kh7 53. Qf4
Rf5 54. Qe4 Qg6 55. Kg2 Kg7 56. Qd4+ Qf6 57. Qxf6+ Kxf6 58. Rc4 Rd5 59. d4 Ke6
60. Kf3 Rf5+ 61. Ke3 Ra5 62. Ke4 Ra2 63. f4 Ke7 64. g4 Kf8 65. g5 Re2+ 66. Kf5
Ra2 67. d5 Kg7 68. Rd4 Ra6 69. d6 Ra8 70. d7 Rd8 71. Ke5 Kg6 72. Kd6 1-0

[Event "Chess.com Classic Div 3 L"]
[Site "chess.com INT"]
[Date "2024.05.12"]
[Round "4.1"]
[White "Deac, Bogdan-Daniel"]
[Black "Paravyan, David"]
[Result "0-1"]
[WhiteTitle "GM"]
[BlackTitle "GM"]
[WhiteElo "2693"]
[BlackElo "2606"]
[WhiteFideId "1226380"]
[BlackFideId "4194985"]
[EventDate "2024.05.10"]
[EventType "k.o."]

1. Nf3 d5 2. d4 Nf6 3. c4 dxc4 4. e3 e6 5. Bxc4 c5 6. O-O a6 7. Nbd2 cxd4 8.
Nxd4 Bc5 9. b3 Bxd4 10. exd4 O-O 11. Ba3 Re8 12. Be2 b5 13. Bf3 Ra7 14. Bc5 Rd7
15. a4 Bb7 16. axb5 axb5 17. Bxb7 Rxb7 18. Qf3 Qd5 19. Qxd5 exd5 20. f3 b4 21.
Ra4 Nc6 22. Ra6 Nd8 23. Ra4 Ne6 24. Rc1 Nd7 25. Nf1 Rc8 26. Raa1 Rbc7 27. Rd1
Ndxc5 28. dxc5 Rxc5 29. Ne3 d4 30. Nc4 g6 31. Kf2 Kg7 32. Ra2 R5c6 33. Rdd2 Nc5
34. Na5 Ra6 35. Rdb2 Rca8 0-1

[Event "Chess.com Classic Div 3 L"]
[Site "chess.com INT"]
[Date "2024.05.12"]
[Round "4.1"]
[White "Giri, Anish"]
[Black "Tang, Andrew"]
[Result "1-0"]
[WhiteTitle "GM"]
[BlackTitle "GM"]
[WhiteElo "2745"]
[BlackElo "2505"]
[WhiteFideId "24116068"]
[BlackFideId "2059630"]
[EventDate "2024.05.10"]
[EventType "k.o."]

1. Nf3 d5 2. d4 Nf6 3. c4 e6 4. Nc3 Be7 5. cxd5 exd5 6. Bf4 c6 7. e3 Bf5 8. Nh4
Bg4 9. Qc2 Nh5 10. h3 Be6 11. Nf3 Nxf4 12. exf4 Bd6 13. g3 a5 14. Bd3 Na6 15. a3
h6 16. Kf1 O-O 17. Kg2 Bc8 18. Rae1 Nc7 19. Nd1 Ne6 20. Ne3 Re8 21. Ng4 Bd7 22.
Nge5 Nf8 23. Re2 Qc7 24. Rhe1 Re7 25. Nxd7 Qxd7 26. Rxe7 Bxe7 27. Ne5 Qc7 28.
Qe2 Bf6 29. Qh5 Re8 30. Re2 Re7 31. Bb1 Qb6 32. Rd2 Qc7 33. h4 Qd8 34. Qf3 Re8
35. h5 Ne6 36. Qd3 Nf8 37. Re2 Re6 38. b4 axb4 39. axb4 Be7 40. b5 Bf6 41. bxc6
bxc6 42. Qc3 Qc7 43. Bf5 Re8 44. Rc2 Qa7 45. Qxc6 Rd8 46. Qc7 Ra8 47. Nxf7 Qxc7
48. Rxc7 Bxd4 49. Nd6 Ra2 50. Rc2 Rxc2 51. Bxc2 Nd7 52. Nf5 Bc5 53. Kf3 Kf8 54.
g4 Nf6 55. Ng3 Bd6 56. Bd3 Bc7 57. Bg6 Bb6 58. Bf5 Bd8 59. Nf1 Bb6 60. Ne3 Bc5
61. Bg6 d4 62. Nc4 Nd5 63. Ne5 Ke7 64. Be4 Nf6 65. Bc2 Bd6 66. Nd3 Nd5 67. Bb3
Nf6 68. Ne5 Bxe5 69. fxe5 Nd7 70. Kf4 Nc5 71. Bc4 Kd7 72. Kf3 Ke7 73. Ke2 Kd7
74. f4 Ke7 75. Kf3 Kf8 76. g5 Ke7 77. gxh6 gxh6 78. f5 Ke8 79. f6 Kd7 80. Kf4
Kd8 81. e6 d3 1-0

[Event "Chess.com Classic Div 3 L"]
[Site "chess.com INT"]
[Date "2024.05.12"]
[Round "4.1"]
[White "Kozak, Adam"]
[Black "Daneshvar, Bardiya"]
[Result "1/2-1/2"]
[WhiteTitle "GM"]
[BlackTitle "GM"]
[WhiteElo "2607"]
[BlackElo "2582"]
[WhiteFideId "753246"]
[BlackFideId "12576468"]
[EventDate "2024.05.10"]
[EventType "k.o."]

1. e4 c5 2. Nf3 d6 3. Nc3 Nf6 4. h3 Nc6 5. d4 cxd4 6. Nxd4 e5 7. Nxc6 bxc6 8.
Bc4 Be7 9. O-O O-O 10. b3 Bb7 11. Qe2 Qc7 12. Rd1 Rad8 13. Bg5 h6 14. Bd2 d5 15.
Bd3 Bc8 16. Re1 d4 17. Na4 Ba3 18. Rab1 c5 19. Bc4 Bb4 20. Nb2 Bxd2 21. Qxd2 Kh8
22. Nd3 Bb7 23. f3 Nd7 24. Rbc1 Qd6 25. Qa5 Qb6 26. Qxb6 axb6 27. a4 f6 28. Ra1
Ra8 29. Bb5 Rfd8 30. Nb2 Ba6 31. Nc4 Ra7 32. Kf2 Rda8 33. Rac1 Bxb5 34. axb5 Kg8
35. Ke2 Ra2 36. Kd2 Kf7 37. g3 Ke6 38. f4 exf4 39. gxf4 g5 40. f5+ Kf7 41. e5
fxe5 42. Nxe5+ Nxe5 43. Rxe5 Rd8 44. Kd3 c4+ 45. bxc4 Ra3+ 46. Kd2 Rxh3 47. Re6
Rh2+ 48. Kd3 Rh3+ 49. Kd2 Rh2+ 50. Kd3 Rh3+ 51. Kd2 1/2-1/2

[Event "Chess.com Classic Div 3 L"]
[Site "chess.com INT"]
[Date "2024.05.12"]
[Round "4.1"]
[White "Mamedov, Rauf"]
[Black "Karthikeyan, Murali"]
[Result "1/2-1/2"]
[WhiteTitle "GM"]
[BlackTitle "GM"]
[WhiteElo "2651"]
[BlackElo "2610"]
[WhiteFideId "13401653"]
[BlackFideId "5074452"]
[EventDate "2024.05.10"]
[EventType "k.o."]

1. e4 e5 2. Nf3 Nc6 3. Bb5 Nf6 4. Qe2 Bc5 5. c3 O-O 6. d3 d5 7. O-O Re8 8. Bg5
dxe4 9. dxe4 a6 10. Bxc6 bxc6 11. Qc4 Bd6 12. Nbd2 Rb8 13. b4 h6 14. Bxf6 Qxf6
15. Qxc6 Bb7 16. Qc4 c5 17. a3 Rec8 18. Qe2 cxb4 19. cxb4 Rc3 20. Nc4 Bc7 21.
Rac1 Rxc1 22. Rxc1 Rd8 23. Qe3 Qc6 24. Ncxe5 Qxe4 25. Qxe4 Bxe4 26. h3 Bb6 27.
a4 f6 28. a5 Bxa5 29. bxa5 fxe5 30. Nxe5 Rd5 31. Nc6 Rg5 32. g4 Bxc6 33. Rxc6
Rxa5 34. Kg2 Ra1 35. h4 a5 36. Ra6 a4 37. h5 a3 38. Kf3 a2 39. Kf4 Rb1 40. Rxa2
Rb4+ 41. Kg3 Rb3+ 42. f3 Rb4 43. Ra7 Rc4 44. Re7 Rb4 45. Re3 Ra4 46. f4 Kh7 47.
Rf3 Ra5 48. Kh4 Ra4 49. Kg3 Ra5 50. Rd3 Rb5 51. f5 Rb4 52. Rd7 Kg8 53. Rd6 Rb3+
54. Kh4 Rb4 55. Rg6 Kh7 56. Kg3 Ra4 57. Re6 Rb4 58. Re3 Ra4 59. Kf3 Rb4 60. Re4
Rb5 61. Kf4 Ra5 62. Rd4 Rb5 63. Ke4 Ra5 64. Rd7 Ra4+ 65. Ke5 Kg8 66. Rd4 Ra6 67.
Rd6 Ra4 68. Rg6 Kh7 69. Ke6 Ra6+ 70. Kd5 Ra5+ 71. Ke4 Ra4+ 72. Kf3 Rb4 73. Re6
Ra4 74. Re4 Ra5 75. Kf4 Kg8 76. g5 hxg5+ 77. Kxg5 Kh7 78. h6 gxh6+ 79. Kf6 h5
80. Ke6 Ra6+ 81. Kf7 Ra7+ 82. Re7 Ra8 83. f6 h4 84. Re4 Ra7+ 85. Ke6 Ra6+ 86.
Kf5 Ra5+ 87. Ke6 Ra6+ 88. Kf7 Ra7+ 89. Re7 Ra8 90. Re4 Ra7+ 1/2-1/2

[Event "Chess.com Classic Div 3 L"]
[Site "chess.com INT"]
[Date "2024.05.12"]
[Round "4.2"]
[White "Daneshvar, Bardiya"]
[Black "Kozak, Adam"]
[Result "0-1"]
[WhiteTitle "GM"]
[BlackTitle "GM"]
[WhiteElo "2582"]
[BlackElo "2607"]
[WhiteFideId "12576468"]
[BlackFideId "753246"]
[EventDate "2024.05.10"]
[EventType "k.o."]

1. c4 Nf6 2. Nf3 e6 3. g3 d5 4. Bg2 d4 5. O-O c5 6. d3 Nc6 7. e3 Bd6 8. exd4
cxd4 9. Na3 O-O 10. Nc2 e5 11. b4 a6 12. Bg5 h6 13. Bxf6 Qxf6 14. c5 Bc7 15. Nd2
Qg6 16. a4 Bf5 17. Ne4 Bg4 18. f3 Be6 19. b5 axb5 20. axb5 Rxa1 21. Qxa1 Ne7 22.
Qa7 Bc8 23. Nb4 f5 24. Nf2 Qe6 25. Rb1 Bd8 26. Qb8 Ba5 27. c6 Bxb4 28. Rxb4 bxc6
29. b6 Ba6 30. Qa7 Bb5 31. Rb1 Qd6 32. f4 exf4 33. gxf4 Ng6 34. b7 Nxf4 35. Bf3
Qc7 36. Qxd4 Ng6 37. Qa7 Rb8 38. Bh5 Nf4 39. Bf3 Rxb7 40. Qa2+ Kh7 41. Qc2 Qd6
42. d4 Rf7 43. Qd2 Ne6 44. d5 Ng5 45. Bg2 Qg6 46. Kh1 f4 47. Rg1 f3 48. Bh3 cxd5
49. Qxd5 Bc6 50. Qc4 Qf6 51. Bf1 Bd7 52. h4 Ne6 53. Bd3+ Kh8 54. Qb4 Nf4 55. Ng4
Qxh4+ 56. Nh2 Qf6 57. Be4 f2 58. Rf1 Ne6 59. Qd6 Ng5 60. Qxf6 Rxf6 61. Bd3 Bh3
62. Rc1 Rf8 63. Nf1 Nf3 64. Ra1 Bxf1 65. Bxf1 Nd2 0-1

[Event "Chess.com Classic Div 3 L"]
[Site "chess.com INT"]
[Date "2024.05.12"]
[Round "4.2"]
[White "Karthikeyan, Murali"]
[Black "Mamedov, Rauf"]
[Result "1-0"]
[WhiteTitle "GM"]
[BlackTitle "GM"]
[WhiteElo "2610"]
[BlackElo "2651"]
[WhiteFideId "5074452"]
[BlackFideId "13401653"]
[EventDate "2024.05.10"]
[EventType "k.o."]

1. e4 c5 2. Nf3 g6 3. d4 cxd4 4. Nxd4 Nc6 5. c4 Nf6 6. Nc3 d6 7. Be2 Nxd4 8.
Qxd4 Bg7 9. Be3 O-O 10. Qd3 a6 11. O-O Bd7 12. a4 a5 13. f4 Bc6 14. Rad1 Nd7 15.
Qc2 Qc7 16. b3 Nc5 17. Nd5 Bxd5 18. cxd5 Rfc8 19. Bg4 Re8 20. e5 Qb6 21. Bxc5
Qxc5+ 22. Qxc5 dxc5 23. Bd7 Red8 24. Bb5 e6 25. d6 f5 26. Kf2 Kf7 27. Kf3 h5 28.
Rc1 b6 29. Rce1 Rh8 30. g3 Rab8 31. Re2 Bh6 32. Bc4 Bg7 33. Rd1 Rbd8 34. h3 Rd7
35. Rg1 Rdd8 36. Reg2 g5 37. fxg5 h4 38. g4 fxg4+ 39. Kxg4 Bxe5 40. Re2 Bxd6 41.
Rxe6 Kg7 42. Rd1 Bg3 43. Re7+ Kg6 44. Bf7+ Kg7 45. Bh5+ 1-0

[Event "Chess.com Classic Div 3 L"]
[Site "chess.com INT"]
[Date "2024.05.12"]
[Round "4.2"]
[White "Paravyan, David"]
[Black "Deac, Bogdan-Daniel"]
[Result "0-1"]
[WhiteTitle "GM"]
[BlackTitle "GM"]
[WhiteElo "2606"]
[BlackElo "2693"]
[WhiteFideId "4194985"]
[BlackFideId "1226380"]
[EventDate "2024.05.10"]
[EventType "k.o."]

1. e4 c6 2. Nc3 d5 3. d4 a6 4. h3 b5 5. a3 dxe4 6. Nxe4 Bf5 7. Ng3 Bg6 8. Nf3 e6
9. Bd3 Nf6 10. Bxg6 hxg6 11. Qe2 Nbd7 12. O-O Qc7 13. a4 b4 14. a5 c5 15. Rd1
Be7 16. Bg5 c4 17. b3 cxb3 18. cxb3 Nd5 19. Bxe7 Kxe7 20. Ne4 Rhc8 21. Rdc1
Qxc1+ 22. Rxc1 Rxc1+ 23. Kh2 f6 24. Qd2 Rc6 25. Ne1 Rb8 26. Nd3 Rb5 27. Nec5
Nxc5 28. dxc5 Rxa5 29. h4 Rb5 30. Qe2 Rb8 31. Qe4 Kf7 32. Nf4 Ne7 33. Nxg6 Rxc5
34. Nf4 Re5 35. Qc4 a5 36. Qa6 Rd8 37. Nd3 Red5 38. Nf4 R8d6 39. Qa7 Rd4 40. g3
e5 41. Nh3 R4d5 42. Qa8 Rd8 43. Qa7 R8d7 44. Qa8 Nf5 45. Qh8 Nd4 46. g4 Ke6 47.
g5 Kd6 48. gxf6 gxf6 49. Qxf6+ Kc5 50. Ng5 Nxb3 51. Qa6 Kd4 52. h5 e4 53. Qf6+
Kd3 54. h6 R7d6 55. Ne6 Nd4 56. Nf4+ Kc2 57. Qg7 Nf3+ 58. Kh3 Rd1 59. Qc7+ Kb3
60. Qf7+ Ka3 61. Qc7 Rxh6+ 62. Kg4 a4 63. Kf5 Rhd6 64. Kxe4 Nd2+ 65. Kf5 Nb3 66.
Kg4 R6d2 67. Qb6 Rf1 68. f3 Rc1 69. Ne6 Rc4+ 70. f4 Re2 71. Kf3 Rxe6 72. Qa7
Rc3+ 73. Kg4 Re4 74. Kg5 Rg3+ 75. Kh5 Rxf4 76. Qc7 Rff3 77. Qe7 Rc3 78. Qd6 Rg2
79. Kh4 Rgc2 80. Qf8 Rc4+ 81. Kg3 R2c3+ 0-1

[Event "Chess.com Classic Div 3 L"]
[Site "chess.com INT"]
[Date "2024.05.12"]
[Round "4.2"]
[White "Tang, Andrew"]
[Black "Giri, Anish"]
[Result "0-1"]
[WhiteTitle "GM"]
[BlackTitle "GM"]
[WhiteElo "2505"]
[BlackElo "2745"]
[WhiteFideId "2059630"]
[BlackFideId "24116068"]
[EventDate "2024.05.10"]
[EventType "k.o."]

1. d4 d5 2. Nf3 Nf6 3. Bf4 c5 4. e3 Nc6 5. Nbd2 Nh5 6. Be5 e6 7. Bb5 f6 8. Bg3
Nxg3 9. hxg3 cxd4 10. Nxd4 Bd7 11. Bd3 Ne5 12. Bxh7 Qb6 13. Qh5+ Ke7 14. O-O-O
Rc8 15. f4 Nd3+ 16. Bxd3 Rxh5 17. Rxh5 Kd8 18. N2f3 Kc7 19. e4 dxe4 20. Bxe4 Kb8
21. Rd3 Qa6 22. Nb3 Bb5 23. Re3 f5 24. Nfd4 Bc4 25. Bf3 Qxa2 26. Rh8 a5 27. Rc3
a4 28. Rxc4 Rxc4 29. Rxf8+ Ka7 30. Rf7 axb3 31. Rxb7+ Ka6 32. Nxb3 Qa4 33. Rb8
Qd7 34. Ra8+ Kb6 35. Rb8+ Ka6 36. Ra8+ Kb6 37. Be2 Rxc2+ 38. Kxc2 Qc6+ 0-1

[Event "Chess.com Classic Div 3 L"]
[Site "chess.com INT"]
[Date "2024.05.12"]
[Round "4.3"]
[White "Deac, Bogdan-Daniel"]
[Black "Paravyan, David"]
[Result "1-0"]
[WhiteTitle "GM"]
[BlackTitle "GM"]
[WhiteElo "2693"]
[BlackElo "2606"]
[WhiteFideId "1226380"]
[BlackFideId "4194985"]
[EventDate "2024.05.10"]
[EventType "k.o."]

1. Nf3 d5 2. d4 Nf6 3. e3 c5 4. Be2 Nc6 5. c3 e6 6. O-O Bd6 7. dxc5 Bxc5 8. b4
Bd6 9. Nbd2 a5 10. b5 Ne5 11. Bb2 Nxf3+ 12. Bxf3 Qc7 13. h3 Bh2+ 14. Kh1 Be5 15.
Qc1 b6 16. c4 Bb7 17. Bxe5 Qxe5 18. c5 bxc5 19. Qxc5 Rc8 20. Qa7 Ba8 21. Qxa5
O-O 22. Nb3 h5 23. Rac1 g5 24. Rxc8 Rxc8 25. Rc1 Rxc1+ 26. Nxc1 Bb7 27. Nd3 Qa1+
28. Kh2 g4 29. hxg4 hxg4 30. Be2 g3+ 31. fxg3 Ne4 32. Qd8+ Kh7 33. Bf3 Nd2 34.
Qh4+ Kg8 35. Qg4+ Kh7 36. Qh5+ Kg7 37. Ne5 Nxf3+ 38. gxf3 Qxa2+ 39. Kh3 Kf6 40.
Qxf7+ Kxe5 41. Qf4# 1-0

[Event "Chess.com Classic Div 3 L"]
[Site "chess.com INT"]
[Date "2024.05.12"]
[Round "5.1"]
[White "Karthikeyan, Murali"]
[Black "Deac, Bogdan-Daniel"]
[Result "1-0"]
[WhiteTitle "GM"]
[BlackTitle "GM"]
[WhiteElo "2610"]
[BlackElo "2693"]
[WhiteFideId "5074452"]
[BlackFideId "1226380"]
[EventDate "2024.05.10"]
[EventType "k.o."]

1. e4 e5 2. Nf3 Nc6 3. Bb5 a6 4. Ba4 Nf6 5. d3 d6 6. c3 Be7 7. O-O O-O 8. Re1
Re8 9. Nbd2 Bf8 10. Nf1 h6 11. Ng3 b5 12. Bc2 d5 13. exd5 Nxd5 14. a4 Rb8 15.
Bd2 Nf6 16. b4 Bd6 17. h3 Be6 18. Nh4 Bf8 19. Nhf5 Qd5 20. Qc1 Nh7 21. axb5 axb5
22. Ra6 Qd7 23. Qd1 Ra8 24. Rxa8 Rxa8 25. Ne3 Rd8 26. Ng4 Bd6 27. Bb3 Re8 28.
Bc2 f5 29. Nh2 Qf7 30. Nf3 Nf6 31. Qa1 Nd5 32. Qa6 Qd7 33. Qxb5 Rb8 34. Qa4 Nb6
35. Qa1 Ra8 36. Qd1 Kh8 37. c4 Bxb4 38. Nxe5 Nxe5 39. Bxb4 Nc6 40. Bc3 Ra3 41.
Qd2 Kh7 42. Nh5 Ra2 43. Bxg7 Qf7 44. Qxh6+ 1-0

[Event "Chess.com Classic Div 3 L"]
[Site "chess.com INT"]
[Date "2024.05.12"]
[Round "5.1"]
[White "Kozak, Adam"]
[Black "Giri, Anish"]
[Result "1/2-1/2"]
[WhiteTitle "GM"]
[BlackTitle "GM"]
[WhiteElo "2607"]
[BlackElo "2745"]
[WhiteFideId "753246"]
[BlackFideId "24116068"]
[EventDate "2024.05.10"]
[EventType "k.o."]

1. Nf3 Nf6 2. g3 d5 3. Bg2 e6 4. O-O Be7 5. c4 O-O 6. d4 dxc4 7. Qc2 a6 8. a4
Bd7 9. Qxc4 Bc6 10. Bg5 Nbd7 11. Nc3 h6 12. Bxf6 Nxf6 13. e3 a5 14. Qb3 Qb8 15.
Rfd1 Rd8 16. Rac1 Be8 17. Ne5 c6 18. Ne4 Nd5 19. Nd3 Qa7 20. Qc2 Rac8 21. Qe2 b6
22. Nc3 Nxc3 23. bxc3 c5 24. Qa2 cxd4 25. cxd4 b5 26. axb5 Bxb5 27. Ne5 Bd6 28.
Nc6 Bxc6 29. Bxc6 g6 30. Ba4 Rxc1 31. Rxc1 h5 32. Rc6 Bf8 33. Qc2 Rb8 34. Rc7
Rb7 35. Rxb7 Qxb7 36. h4 Bd6 37. Qc6 Qxc6 38. Bxc6 1/2-1/2

[Event "Chess.com Classic Div 3 L"]
[Site "chess.com INT"]
[Date "2024.05.12"]
[Round "5.2"]
[White "Deac, Bogdan-Daniel"]
[Black "Karthikeyan, Murali"]
[Result "1/2-1/2"]
[WhiteTitle "GM"]
[BlackTitle "GM"]
[WhiteElo "2693"]
[BlackElo "2610"]
[WhiteFideId "1226380"]
[BlackFideId "5074452"]
[EventDate "2024.05.10"]
[EventType "k.o."]

1. d4 Nf6 2. Nf3 d5 3. c4 e6 4. g3 dxc4 5. Bg2 c5 6. O-O Nc6 7. Qa4 Bd7 8. Qxc4
cxd4 9. Nxd4 Rc8 10. Nc3 Nxd4 11. Qxd4 Bc5 12. Qh4 O-O 13. Bxb7 Rb8 14. Bf3 Rb4
15. e4 Bc6 16. a3 Rb3 17. Bg5 h6 18. Bxf6 Qxf6 19. Qxf6 gxf6 20. Rac1 Rc8 21.
Rc2 Bb7 22. Rfc1 Bd4 23. Kg2 Kg7 24. g4 Ba8 25. Nd1 Rxc2 26. Rxc2 f5 27. gxf5
exf5 28. Rc4 Bxb2 29. Ne3 Bxe4 30. Bxe4 fxe4 31. a4 Ba3 32. Rxe4 Bc5 33. Re5
Bxe3 34. fxe3 Ra3 35. Re4 f5 36. Rf4 Kg6 37. Kf3 Kg5 38. h4+ Kg6 39. Rc4 Kh5 40.
Kf4 a5 41. Rd4 Kxh4 42. Kxf5+ Kg3 43. e4 Rf3+ 44. Kg6 Kf4 45. Kf6 Ke3+ 46. Ke5
h5 47. Rc4 h4 48. Rc8 h3 49. Rh8 Kf2 50. Kd5 Kg2 51. e5 h2 52. e6 1/2-1/2

[Event "Chess.com Classic Div 3 L"]
[Site "chess.com INT"]
[Date "2024.05.12"]
[Round "5.2"]
[White "Giri, Anish"]
[Black "Kozak, Adam"]
[Result "0-1"]
[WhiteTitle "GM"]
[BlackTitle "GM"]
[WhiteElo "2745"]
[BlackElo "2607"]
[WhiteFideId "24116068"]
[BlackFideId "753246"]
[EventDate "2024.05.10"]
[EventType "k.o."]

1. Nf3 Nf6 2. c4 e6 3. Nc3 d5 4. d4 Nbd7 5. cxd5 exd5 6. Bg5 c6 7. e3 Be7 8. Qc2
Nh5 9. Bxe7 Qxe7 10. O-O-O Nb6 11. Kb1 g6 12. Bd3 Ng7 13. Ka1 Be6 14. Rc1 Bf5
15. Rhd1 Bxd3 16. Rxd3 Nf5 17. Na4 Nd6 18. Nc5 O-O 19. h4 Nd7 20. Nxd7 Qxd7 21.
h5 Qf5 22. Rh1 g5 23. Qe2 Ne4 24. Rf1 Rae8 25. Ne5 f6 26. Ng4 Kh8 27. Rfd1 Re7
28. Rf1 Qe6 29. Rh1 Nd6 30. Rdd1 Nc4 31. Nh2 Qe4 32. Nf3 h6 33. b3 Nd6 34. Qb2
Qe6 35. Nd2 a5 36. Rhe1 Qg4 37. Qa3 Rd7 38. g3 Ra8 39. Qc1 a4 40. b4 Qxh5 41.
Rh1 Qg6 42. Rh2 Kg7 43. Rdh1 Rh8 44. g4 Qd3 45. Nf1 Qc4 46. Qe1 f5 47. gxf5 Nxf5
48. Qd2 Rf7 49. Rg1 Kf8 50. Kb2 a3+ 51. Kxa3 b6 52. Kb2 Ra7 53. a3 Nd6 54. Qc2
Rxa3 55. Qxc4 Nxc4+ 56. Kc2 Ra1 57. Rgh1 Kg7 58. Ng3 Ra2+ 59. Kc1 Rha8 60. Rxh6
Ra1+ 61. Kc2 R8a2+ 62. Kc3 Ra3+ 63. Kc2 R1a2+ 64. Kc1 Rc3+ 0-1

[Event "Chess.com Classic Div 3 L"]
[Site "chess.com INT"]
[Date "2024.05.13"]
[Round "6.1"]
[White "Kozak, Adam"]
[Black "Le, Tuan Minh"]
[Result "1/2-1/2"]
[WhiteTitle "GM"]
[BlackTitle "GM"]
[WhiteElo "2607"]
[BlackElo "2567"]
[WhiteFideId "753246"]
[BlackFideId "12401153"]
[EventDate "2024.05.10"]
[EventType "k.o."]

1. Nf3 Nf6 2. g3 b5 3. e3 a6 4. Bg2 Bb7 5. O-O e6 6. b3 Be7 7. c4 O-O 8. Nc3 b4
9. Na4 c5 10. d4 d6 11. Bb2 Nbd7 12. Re1 Qc7 13. Nd2 Bxg2 14. Kxg2 a5 15. Qf3
Rac8 16. e4 cxd4 17. Bxd4 Qc6 18. e5 dxe5 19. Qxc6 Rxc6 20. Bxe5 Nc5 21. Nxc5
Bxc5 22. h3 Ra8 23. Rad1 a4 24. g4 h6 25. Bxf6 gxf6 26. Ne4 Be7 27. Rd7 Kf8 28.
Red1 axb3 29. axb3 Rca6 30. c5 R8a7 31. c6 Rxd7 32. cxd7 Bd8 33. Nxf6 Ra3 34.
Ne4 Rxb3 35. Nd6 Rc3 36. Rb1 Ke7 37. Ne4 Rc4 38. Nd2 Rf4 39. Nf3 Kxd7 40. Ne5+
Ke8 41. Nd3 Rd4 42. Nxb4 Rd2 43. Nc6 Bh4 44. Rf1 Bf6 45. Na5 Rc2 46. Nb3 Ke7 47.
Nc1 Rd2 48. Kf3 Bh4 49. Ne2 e5 50. Ng1 Ke6 51. Ne2 Rd3+ 52. Kg2 Rd2 53. Ng3 Bxg3
54. Kxg3 Rd3+ 55. f3 e4 56. Re1 Rxf3+ 57. Kg2 Ke5 58. Ra1 Rb3 59. Ra7 f6 60.
Ra5+ Kd4 61. Ra6 e3 62. Kf3 Rb2 63. Ra4+ Ke5 64. Ra5+ Ke6 65. Kxe3 Rb3+ 66. Kf4
Rxh3 67. Ra6+ Kf7 68. Ra7+ Kg6 69. Ra5 Rb3 70. Rc5 Rb4+ 71. Kf3 Ra4 72. Rd5 Rc4
73. Rb5 Rc7 74. Rd5 Kf7 75. Rh5 Kg6 76. Rb5 Re7 77. Kf4 Re1 78. Ra5 Rf1+ 79. Kg3
Rc1 80. Kf4 Rc4+ 81. Kf3 Rc7 82. Kf4 Rg7 83. Rb5 Kh7 84. Rb6 Kg6 85. Rb5 1/2-1/2

[Event "Chess.com Classic Div 3 L"]
[Site "chess.com INT"]
[Date "2024.05.13"]
[Round "6.1"]
[White "Nguyen, Ngoc Truong Son"]
[Black "Karthikeyan, Murali"]
[Result "0-1"]
[WhiteTitle "GM"]
[BlackTitle "GM"]
[WhiteElo "2633"]
[BlackElo "2610"]
[WhiteFideId "12401110"]
[BlackFideId "5074452"]
[EventDate "2024.05.10"]
[EventType "k.o."]

1. d4 Nf6 2. Nf3 d5 3. Bf4 c5 4. e3 Nc6 5. Nbd2 cxd4 6. exd4 Qb6 7. Nb3 Bg4 8.
c3 e6 9. Bd3 a5 10. Rb1 Be7 11. O-O O-O 12. Nbd2 Qd8 13. a4 Bd6 14. Bxd6 Qxd6
15. Re1 Rfe8 16. Qb3 Nd7 17. h3 Bh5 18. Re3 Rab8 19. Rbe1 Bxf3 20. Nxf3 e5 21.
dxe5 Ndxe5 22. Nd4 Red8 23. Qd1 Nxd4 24. Rxe5 Nc6 25. R5e2 d4 26. Bb5 g6 27. Rd2
Qf6 28. cxd4 Nxd4 29. Bc4 Kg7 30. Kh1 Rd6 31. Re3 Rbd8 32. Red3 b6 33. b3 h5 34.
Qa1 Nf5 35. Qxf6+ Kxf6 36. Rxd6+ Rxd6 37. Rc2 Nd4 38. Rb2 Rc6 39. Kh2 Ne6 40.
Rd2 Nc5 41. Bb5 Re6 42. Bc4 Rc6 43. Rd4 Ke7 44. g4 hxg4 45. hxg4 f6 46. Rd1 Rd6
47. Re1+ Kd7 48. Kg3 g5 49. f4 Rd4 50. fxg5 fxg5 51. Re5 Kd6 52. Re8 Nxa4 53.
Re6+ Kc7 54. Re7+ Kd8 55. Rg7 Nc5 56. Rxg5 Ne4+ 57. Kf4 Nxg5+ 58. Kxg5 a4 0-1